[Event "Styrian op U08/12 26th"]
[Site "Mureck"]
[Date "2019.08.05"]
[Round "6"]
[White "Wukoutz, Max"]
[Black "Schramml, Fabian"]
[Result "1/2-1/2"]
[WhiteElo "1173"]
[BlackElo "1253"]
[PlyCount "60"]
[EventDate "2019.07.31"]
[EventType "swiss"]
[EventRounds "9"]
[EventCountry "AUT"]
[SourceTitle "EXT 2020"]
[Source "ChessBase"]
[SourceDate "2019.10.17"]
[SourceVersion "1"]
[SourceVersionDate "2019.10.17"]
[SourceQuality "1"]

1. e4 c5 2. Nc3 Nc6 3. Bb5 a6 4. Bxc6 bxc6 5. Nf3 g6 6. d3 Bg7 7. Be3 d6 8. h3 e5 9. 0-0 Ne7 10. Ne2 0-0 11. Rb1 Rb8 12. c3 Be6 13. b3 Qd7 14. Ng3 f5 15. Bd2 d5 16. Ng5 h6 17. Nxe6 Qxe6 18. f3 f4 19. Ne2 g5 20. Bc1 d4 21. cxd4 cxd4 22. Ba3 Rfe8 23. Bxe7 Rxe7 24. Qc2 Rc7 25. Qc4 Qxc4 26. bxc4 Rcb7 27. Rxb7 Rxb7 28. Nc1 Rb2 29. Rf2 Rb1 30. Rc2 Bf8 1/2-1/2

[Event "Styrian op U08/12 26th"]
[Site "Mureck"]
[Date "2019.08.04"]
[Round "5"]
[White "Bauer, Simon"]
[Black "Wukoutz, Max"]
[Result "1-0"]
[WhiteElo "1321"]
[BlackElo "1173"]
[PlyCount "29"]
[EventDate "2019.07.31"]
[EventType "swiss"]
[EventRounds "9"]
[EventCountry "AUT"]
[SourceTitle "EXT 2020"]
[Source "ChessBase"]
[SourceDate "2019.10.17"]
[SourceVersion "1"]
[SourceVersionDate "2019.10.17"]
[SourceQuality "1"]

1. e4 c6 2. d4 d5 3. exd5 cxd5 4. c4 Nf6 5. Nc3 e6 6. a3 b6 7. Bg5 Ba6 8. b3 Be7 9. Nf3 Nc6 10. Bd3 h6 11. Bh4 Rc8 12. cxd5 Nxd5 13. Bxe7 Qxe7 14. Bxa6 Nxc3 15. Qc2 1-0

[Event "Styrian op U08/12 26th"]
[Site "Mureck"]
[Date "2019.08.01"]
[Round "2"]
[White "Wukoutz, Max"]
[Black "Gruenwald, Simon"]
[Result "0-1"]
[WhiteElo "1173"]
[BlackElo "1428"]
[PlyCount "102"]
[EventDate "2019.07.31"]
[EventType "swiss"]
[EventRounds "9"]
[EventCountry "AUT"]
[SourceTitle "EXT 2020"]
[Source "ChessBase"]
[SourceDate "2019.10.17"]
[SourceVersion "1"]
[SourceVersionDate "2019.10.17"]
[SourceQuality "1"]

1. e4 c6 2. c4 d5 3. cxd5 cxd5 4. exd5 Nf6 5. Nc3 Nxd5 6. Nxd5 Qxd5 7. Qb3 Qxb3 8. axb3 Bf5 9. Nf3 Nc6 10. Bb5 Rc8 11. 0-0 a6 12. Bxc6+ Rxc6 13. Nd4 Rc5 14. Nxf5 Rxf5 15. d4 Rb5 16. Be3 Rxb3 17. Rab1 e6 18. Rfc1 Kd7 19. h3 Bd6 20. Rc3 Rb5 21. g3 Rc8 22. Rbc1 Rc7 23. Rxc7+ Bxc7 24. Rc2 Bb6 25. Kg2 Rb4 26. Rd2 Kd6 27. Rc2 Bxd4 28. Bxd4 Rxd4 29. Rc8 Rb4 30. Rg8 g6 31. Rg7 Ke7 32. Rxh7 Rxb2 33. Rh8 a5 34. Ra8 Rb5 35. Kf3 b6 36. Ke3 Kf6 37. Ra7 Rb3+ 38. Kd4 Rf3 39. Ra6 Rxf2 40. Rxb6 Rf3 41. Rb5 Rxg3 42. h4 Rg4+ 43. Ke3 a4 44. h5 gxh5 45. Rxh5 a3 46. Rh2 Kf5 47. Kd3 f6 48. Kc3 e5 49. Kb3 Rg3+ 50. Ka2 Kf4 51. Rh1 f5 0-1

[Event "AUT-ch U08"]
[Site "Woerth"]
[Date "2015.06.06"]
[Round "6.5"]
[White "Wukoutz, Max"]
[Black "Strobl, Philipp"]
[Result "1-0"]
[WhiteElo "843"]
[BlackElo "920"]
[PlyCount "51"]
[EventDate "2015.06.05"]
[EventType "swiss"]
[EventRounds "7"]
[EventCountry "AUT"]
[SourceTitle "EXT 2024"]
[Source "ChessBase"]
[SourceDate "2023.10.10"]
[SourceVersion "1"]
[SourceVersionDate "2023.10.10"]
[SourceQuality "1"]

1. e4 c5 2. c4 d6 3. Nf3 Nc6 4. Nc3 Nf6 5. Be2 Bg4 6. h3 Bxf3 7. Bxf3 g6 8. 0-0 Bg7 9. d3 0-0 10. Bg5 Nd4 11. Bxf6 Bxf6 12. Qd2 Nxf3+ 13. gxf3 e5 14. Nd5 Bg5 15. Qc2 Bf4 16. Nxf4 exf4 17. Rfe1 Qh4 18. Kf1 Qxh3+ 19. Ke2 h5 20. Qc3 g5 21. Qf6 Qe6 22. Qxg5+ Qg6 23. Qxf4 Rae8 24. Rg1 Qxg1 25. Rxg1+ Kh8 26. Qh6# 1-0